| 000 | 01451nam a2200325 c 4500 | ||
|---|---|---|---|
| 003 | BLK | ||
| 005 | 20250501004116.0 | ||
| 008 | 180410b bul|||||r ||||||| ||bul|| | ||
| 010 | _aKNG00170496000 | ||
| 040 | _aBLK | ||
| 041 |
_aBUL _cBUL |
||
| 080 |
_aАнглийска литература _b821.111 _x-31 _z821.111-31 |
||
| 100 | 1 |
_aРид, Томас Майн _d1818-1883 _eпърви автор _9365222 |
|
| 700 | 1 |
_aБрайков, Петър _eхудож. _9377124 |
|
| 700 | 1 |
_aФлорин, Сидер Петров _d1912-1999 _gПреводач от руски и английски език _eпрев. от англ. _9134445 |
|
| 139 |
_aРид, Томас Майн _bР 59 |
||
| 245 | 1 | 0 |
_aКвартеронката _bРоман _cТомас Майн Рид; прев. от англ. Сидер Петров Флорин; худож. Петър Брайков. |
| 257 | _aGBR | ||
| 260 |
_аСофия _bОтечество _c1983 |
||
| 300 |
_a336 с. _bс ил. _c22 см |
||
| 380 | _aX | ||
| 490 | 1 | _aБиблиотека Приключения и научна фантастика | |
| 500 | _aОриг. загл. The Quadroon or Adventures of the Far West / Mayne Reid 1. изд. 1957. - 70 115 тир. | ||
| 852 | _aЦб 125124 | ||
| 856 | 4 |
_qpdf _u |
|
| 856 | 4 |
_qpdf _u |
|
| 942 |
_cKNG _n0 _01 |
||
| 944 |
_aCR _c29.01.2015 _k _lCRON CRON |
||
| 944 |
_aED _c30.06.2015 _kВиолета_Тройчева |
||
| 999 |
_c163106 _d163106 |
||